000 00539pam a2200169 a 4500
020 _a9789339218157
_c
041 _h
082 _a621.384
_bSMI/COL
100 _aSmith C.,.
_eauthor.
245 _aWireless Networks Design and Integration for ite, EVDO, HSPA, and WIMAX 3rd ed/
_hTextual Documents
250 _a3rd ed.
260 _aNew Delhi
_bMc Graw Hill Education (India) Private Limited
_c2014 (c), 2019
300 _axxii/729:
_bp.b.;
_c24*19.
653 _aMobile Communication
700 _aCollins D.,
_eauthor.
930 _a17515
999 _c60736
_d60736